Estadísticas para Logotipos de la Marca #4

Haz click aquí para intentar la prueba.

Estadísticas generales

  • Esta prueba ha sido intentada 520 veces
  • La puntuación promedio es 12 de 20

Estadísticas de respuestas

marca% Correcto
Facebook
99%
Visa
98%
Levi Strauss
97%
Red Bull
94%
Nintendo
87%
Air Jordan
85%
IKEA
85%
Louis Vuitton
85%
Internet Explorer
74%
Snickers
70%
ING
55%
UPS
55%
American Airlines
42%
John Deere
39%
NBC
33%
Best Buy
30%
Fruit of the Loom
19%
Gerber
19%
Arm & Hammer
8%
Cabbage Patch Kids
4%

Distribución de puntuación

Porcentaje por número respondido

Porcentaje de gente con cada puntuación

Historial de tus puntuaciones

No has intentado esta prueba.